[Event "XXVII RUS-chT Women 2020"]
[Site "Sochi"]
[Date "2020.11.27"]
[Round "8.8"]
[White "Kovanova, Baira"]
[Black "Lesnykh, Zhanna"]
[Result "1-0"]
[WhiteElo "2323"]
[BlackElo "1755"]
[Annotator "TA"]
[PlyCount "71"]
[EventDate "2020.11.19"]
[EventType "team-tourn"]
[EventCountry "RUS"]
[SourceTitle "playchess.com"]
[Source "ChessBase"]
[SourceQuality "1"]

{[%evp 18,71,43,54,56,63,66,46,42,62,102,106,100,77,98,58,145,151,227,142,147,139,150,147,172,148,143,150,154,171,168,145,175,161,228,210,268,233,241,243,303,277,986,1010,926,883,1832,160,1545,1725,29996,29996,29996,29997,29998,29999]} 1. d4 f5 2. c4 Nf6 3. Nc3 g6 4. Nf3 Bg7 5. g3 O-O 6. Bg2 d6 7. O-O Nc6 8. d5 Na5 9. Qd3 c5 10. b3 a6 {A89: Dutch Defence: Leningrad System: 5 Nf3 0-0 6 0-0 d6 7 Nc3 Nc6.} 11. Rb1 {[#]} b6 $146 ({Predecessor:} 11... Rb8 12. Ng5 Ne8 13. Bb2 Nc7 14. e4 b5 15. exf5 Bxf5 16. Be4 bxc4 17. bxc4 Rb4 18. Bxf5 Rxf5 {0-1 (50) Suvorov,A (2313)-Rustemov,A (2525) chess.com INT 2020}) 12. Bg5 Rb8 {White is slightly better.} 13. Rfe1 Bd7 {[#]} 14. e4 $1 fxe4 15. Nxe4 b5 16. Nh4 Be8 ({Better is} 16... Ng4 $14) 17. Bd2 $16 Ng4 (17... Nxe4 $16 {keeps fighting.} 18. Bxe4 (18. Qxe4 bxc4 19. bxc4 Rxb1 $16) 18... Bd7) 18. Nf3 Bd7 19. h3 Nh6 20. Bc3 Nf5 21. Neg5 Bxc3 22. Qxc3 Ng7 23. cxb5 axb5 24. Qe3 Bf5 25. Rbd1 Rb7 (25... h6 {was necessary.}) 26. g4 $18 Bc8 27. Ne6 Bxe6 28. dxe6 Rb8 29. Qh6 {White wants to mate with Ng5.} Ne8 $2 (29... Rxf3 30. Bxf3 Qf8) 30. Ng5 {[%csl Gg5][%cal Rh6h7]} Nf6 {[#]} 31. Nxh7 $1 {[%mdl 512]} Nxh7 32. Qxg6+ $40 {[%mdl 128] White goes for the king.} Kh8 33. Be4 {[%csl Ge4][%cal Rg6h7]} Nf6 {[#]} 34. Rd5 $1 {[%mdl 512] White mates.} Rf7 (34... Nxd5 35. Qh7#) 35. exf7 e5 36. Qh6+ {Weighted Error Value: White=0.10/Black=0.55} 1-0

[Event "XXVII RUS-chT Women 2020"]
[Site "Sochi"]
[Date "2020.11.27"]
[Round "8.9"]
[White "Bodnaruk, Anastasia"]
[Black "Getman, Tatyana"]
[Result "1-0"]
[WhiteElo "2414"]
[BlackElo "2303"]
[Annotator "TA"]
[PlyCount "57"]
[EventDate "2020.11.19"]
[EventType "team-tourn"]
[EventCountry "RUS"]
[SourceTitle "playchess.com"]
[Source "ChessBase"]
[SourceQuality "1"]

{[%evp 9,57,0,10,2,0,-25,3,-39,47,45,64,45,52,0,254,243,264,246,281,269,302,292,311,287,290,283,296,283,300,314,437,431,689,383,391,385,382,381,381,383,436,320,884,884,873,879,922,921,862,871]} 1. e4 c5 2. Nc3 d6 3. f4 g6 4. Nf3 Bg7 5. Bb5+ Bd7 6. Bc4 {B23: Closed Sicilian: Lines without g3.} Nc6 7. O-O a6 {[#]} 8. e5 $146 {The position is equal.} ({Predecessor:} 8. a4 e6 9. d3 Nge7 10. f5 exf5 11. Qe1 h6 {½-½ (11) Biti,O (2376)-Cvitan,O (2526) Zagreb 2014}) 8... h6 (8... dxe5 $15 9. fxe5 Nh6) 9. d3 $14 Na5 10. Qe2 Bc6 11. f5 (11. a3 $14) 11... d5 $2 {[%mdl 8192] [#] Black is on the road to losing.} (11... gxf5 $11 {and Black has nothing to worry.} 12. Bxf7+ Kxf7) 12. fxg6 $1 $18 fxg6 {[#]} (12... dxc4 13. gxf7+ Kd7 14. dxc4 $18) 13. Nh4 $1 (13. Bb3 e6 $16) 13... dxc4 14. Nxg6 Rh7 (14... Qd4+ $2 15. Be3 $18) 15. Be3 (15. Qf2 Nf6 $18) 15... Qc7 {[#] With the idea ...0-0-0.} 16. Nf8 $1 {[%mdl 512] And now Qh5+ would win.} O-O-O (16... Bxf8 17. Qh5+) 17. Nxh7 Qxe5 18. Rf7 ({Much less strong is} 18. dxc4 $6 Nxc4 19. Qg4+ (19. Qxc4 Qxe3+ 20. Kh1 Bxg2+ 21. Kxg2 Rd2+ {[%mdl 64] Double Attack} 22. Kh1 Rxh2+ 23. Kxh2 Be5+ 24. Rf4 Bxf4+ 25. Kg2 Qg3+ 26. Kf1 Qh3+ 27. Ke1 Qh4+ 28. Kd1 Qh1+ 29. Ke2 Qg2+ 30. Ke1 Qg3+ 31. Kf1 Qh3+ 32. Kf2 Qe3+ 33. Kg2 Qg3+ 34. Kf1 $11) 19... Bd7 $16) 18... Bd7 19. Qf2 Be8 20. Rf5 Qd6 (20... Qxe3 $142 21. Rxc5+ {[%mdl 64] Double Attack} Nc6 22. Qxe3 Bd4 23. Qxd4 (23. Rxc4 $2 Bxe3+ 24. Kh1 Bg6 $19) (23. Rxc6+ Bxc6 24. Re1 Bxe3+ 25. Rxe3 cxd3 $14) 23... Rxd4 24. Rxc4 Rxc4) 21. Rd5 Qg6 22. Rxd8+ Kxd8 23. Bxc5 {Strongly threatening Bb6+.} Nc6 24. Nf8 Qf7 25. Rf1 Nf6 $2 (25... Qxf2+ 26. Rxf2 Bxc3) 26. Bb6+ {White is clearly winning.} Kc8 27. Qf5+ Nd7 {[#]} 28. Qxd7+ $1 {[%mdl 512]} Bxd7 29. Rxf7 {Weighted Error Value: White=0.28/Black=0.60} 1-0

[Event "XXVII RUS-chT Women 2020"]
[Site "Sochi"]
[Date "2020.11.27"]
[Round "8.10"]
[White "Nazarova, Anastasia"]
[Black "Ovod, Evgenija"]
[Result "1/2-1/2"]
[WhiteElo "2190"]
[BlackElo "2338"]
[Annotator "TA"]
[PlyCount "145"]
[EventDate "2020.11.19"]
[EventType "team-tourn"]
[EventCountry "RUS"]
[SourceTitle "playchess.com"]
[Source "ChessBase"]
[SourceQuality "1"]

{[%evp 13,145,38,45,3,16,-11,22,0,27,24,42,18,16,5,12,0,0,-16,37,32,22,0,16,0,11,0,25,20,19,-11,2,-6,27,-58,-82,-120,-127,-133,-134,-133,-141,-134,-132,-114,-121,-145,-152,-242,-88,-82,-85,-76,0,-84,0,0,0,-18,-18,-22,-22,-38,0,0,0,0,0,0,0,0,0,0,0,0,0,0,0,0,0,0,0,0,0,0,0,0,0,0,0,0,0,0,0,-4,-4,-4,-4,-4,-4,-49,-8,-8,-8,-8,-8,-8,-8,-8,-8,-59,-59,-59,-59,-59,-59,-59,-41,-41,-23,-23,-23,-23,-27,-27,-23,-23,-23,-27,-27,-27,0,0,0,0]} 1. e4 e5 2. Nf3 Nc6 3. Bb5 Nf6 4. O-O d6 5. Re1 Bd7 6. c3 Be7 7. d4 O-O 8. Na3 {C66: Ruy Lopez: Steinitz Defence.} Re8 9. h3 h6 {[#]} 10. Bd3 $146 ({Predecessor:} 10. b3 exd4 11. cxd4 d5 12. exd5 Nxd5 13. Bc4 Bf5 14. Ne5 Bb4 15. Rf1 Bc3 16. Rb1 Nxe5 17. dxe5 Bxb1 18. Nxb1 Rxe5 {0-1 (26) Colpo,R (1645)-Bellini,L (1715) Arqua Petrarca 2006}) 10... Bf8 11. Nc2 a5 12. d5 Ne7 13. Nh2 Ng6 14. Qf3 Nh7 15. Ng4 h5 (15... Ng5 $11 16. Qd1 Be7) 16. Nh2 $1 $14 h4 17. Ng4 Be7 18. Qd1 Bg5 19. Nce3 Nf4 20. Bc2 g6 21. Nf1 f5 22. Ngh2 Qf6 23. exf5 ({Better is} 23. a4 $11) 23... gxf5 $15 (23... Bxf5 $6 24. Nd2 $14) 24. Bxf4 Bxf4 25. Qh5 e4 26. f3 {[%cal Rf3e4]} Re5 27. fxe4 fxe4 28. Qe2 Rae8 29. Ne3 Qg5 $1 30. Kh1 (30. Neg4 $17 {was called for.} Bxh2+ 31. Kxh2 Bxg4 32. Qxg4) 30... Kh8 $2 (30... Bxh2 31. Kxh2 R8e7 32. Rf1 $15) (30... Nf6 $1 $19 {has better winning chances.} 31. Nhg4 Nh5) 31. Nhg4 $17 Bxg4 32. Nxg4 {[#]} Rxd5 (32... Nf6 $1 $17 {And now ...Nxg4 would win.} 33. Rad1 (33. Nxe5 Rxe5 34. Qf2 e3 $15) 33... Nxg4 34. Qxg4 Qxg4 35. hxg4 Bg3) 33. Rad1 {[#]} (33. Qc4 $11 {remains equal.} Rd2 34. Rxe4) 33... Rxd1 ({Black should play} 33... Rf5 $1 $17 {White must now prevent ...c6.} 34. Qf2 (34. Bxe4 $2 d5 $19) 34... d5) 34. Qxd1 $11 d5 35. Qd4+ Kg8 36. c4 Bg3 37. Rf1 Rf8 (37... c5 $5 38. Qxd5+ (38. Qxc5 e3 $11) 38... Qxd5 39. cxd5 Kg7 $11) 38. Rxf8+ Kxf8 39. Qh8+ Qg8 40. Qxg8+ Kxg8 41. cxd5 {[%mdl 4096] Endgame KBN-KBN} Ng5 42. Nf6+ Kf7 43. Nxe4 Nxe4 44. Bxe4 {KB-KB} Bf2 45. a4 Kf6 46. b3 Ke5 47. Bf3 b6 48. g4 hxg3 49. Kg2 Kd4 50. h4 Kc3 51. Bd1 Kd2 52. Bf3 Kc2 53. d6 cxd6 54. Bd5 Kd3 55. h5 Kd4 56. Bg8 Ke4 57. h6 Kf4 58. h7 Bd4 59. Bd5 Be5 60. Bc6 Ke3 61. h8=Q {Cut Off at move 61} (61. Bf3 $11) 61... Bxh8 $15 62. Kxg3 Kd4 63. Kf3 d5 64. Ke2 Kc5 65. Bb7 d4 66. Kd3 Kb4 67. Bd5 Bf6 68. Bf7 b5 69. axb5 Kxb5 70. Bg8 Kb4 71. Bf7 a4 72. bxa4 Kxa4 73. Ke4 {Weighted Error Value: White=0.15/Black=0.14} 1/2-1/2

[Event "XXVII RUS-chT Women 2020"]
[Site "Sochi"]
[Date "2020.11.27"]
[Round "8.11"]
[White "Belenkaya, Dina"]
[Black "Pogorelskikh, Sofia"]
[Result "1-0"]
[WhiteElo "2283"]
[BlackElo "2128"]
[Annotator "TA"]
[PlyCount "85"]
[EventDate "2020.11.19"]
[EventType "team-tourn"]
[EventCountry "RUS"]
[SourceTitle "playchess.com"]
[Source "ChessBase"]
[SourceQuality "1"]

{[%evp 13,85,21,24,23,69,26,57,44,77,-10,9,-9,-4,0,0,-18,0,0,13,-8,0,-12,-8,-16,-10,-21,-22,-29,-22,-22,-23,-24,-26,-33,-24,-39,0,-7,6,0,20,13,41,41,95,113,109,73,84,95,106,85,310,308,365,266,261,244,398,296,379,0,0,0,397,394,384,358,5152,4894,29982,29983,2689,2414]} 1. e4 c5 2. Nf3 Nc6 3. Bb5 g6 4. O-O Bg7 5. Re1 e5 6. Bxc6 dxc6 7. d3 Qe7 8. h3 {Recently 8.a4 got a lot of attention. B31: Sicilian: 2...Nc6 3 Bb5 g6.} Nh6 9. a3 O-O 10. b4 {[#] White is slightly better.} f6 $146 ({Predecessor:} 10... cxb4 11. axb4 f6 12. c3 Nf7 13. Be3 Qc7 14. Nbd2 Be6 15. d4 a6 16. Nb3 b6 {1-0 (44) Solodovnichenko,Y (2503)-Mauro,L (2233) Chessfriend.com 2003}) 11. Bd2 (11. Be3 $16) 11... Re8 12. Bc3 Be6 13. Nbd2 Nf7 14. Qc1 Nd8 15. Qb2 Bf7 16. Reb1 Ne6 17. Nb3 Nd4 18. Nfd2 Nxb3 19. Nxb3 c4 20. dxc4 Bxc4 21. a4 b6 22. Nd2 Bf7 23. Nf1 Red8 24. f3 Bh6 25. Be1 Bc4 26. Qc3 Bxf1 27. Kxf1 Qe6 28. Rd1 Rd6 (28... a6 $14) 29. Rxd6 $16 Qxd6 30. Bf2 Bf8 {[#]} 31. a5 $1 {[%cal Ra5b6]} b5 32. a6 Qxb4 $2 (32... Kf7 $16) 33. Qxc6 $18 {[%mdl 64] Double Attack} Rd8 34. Qxf6 Qc4+ 35. Kg1 Rd2 $2 (35... Rd7 {might work better.} 36. Qxe5 b4) 36. Qxe5 Qxc2 {[#] Hoping for ...Rd1+.} 37. Qe6+ $2 (37. Be3 $18) 37... Kg7 $1 $11 38. Qe5+ $2 {[%mdl 8192]} (38. Bxa7 $2 {leads to mate.} Rxg2+ 39. Kh1 Rh2+ 40. Kg1 Qg2#) (38. Rf1 $11 Rxf2 {[%mdl 64] Remove Defender} 39. Rxf2) 38... Kg8 $18 {aiming for ...Rd1+.} 39. Be3 Rxg2+ 40. Kh1 Kf7 $2 (40... Rd2 41. Bxd2 (41. Bxa7 Qc8 $15) 41... Qxd2 42. Qxb5 Qf2) 41. Rc1 Qa2 42. Rc7+ Kg8 43. Bd4 {Weighted Error Value: White=0.30/Black=0.52} 1-0

[Event "XXVII RUS-chT Women 2020"]
[Site "Sochi"]
[Date "2020.11.27"]
[Round "8.12"]
[White "Yurasova, Daria"]
[Black "Styazhkina, Anna"]
[Result "0-1"]
[WhiteElo "2075"]
[BlackElo "2319"]
[Annotator "TA"]
[PlyCount "102"]
[EventDate "2020.11.19"]
[EventType "team-tourn"]
[EventCountry "RUS"]
[SourceTitle "playchess.com"]
[Source "ChessBase"]
[SourceQuality "1"]

{[%evp 10,102,12,13,16,14,36,41,46,56,54,47,53,35,62,59,57,76,63,5,11,0,0,-5,-4,-8,0,-68,-73,-94,-84,-94,-92,-127,-50,-49,-16,-133,-121,-186,-184,-176,-104,-98,-108,-115,-103,-89,-90,-87,-81,-467,-95,-106,-95,-94,-107,-129,-139,-236,-160,-185,-157,-219,-167,-201,-169,-158,-112,-133,-136,-133,-104,-170,-148,-274,-289,-313,-319,-314,-292,-346,-351,-347,-339,-351,-350,-351,-351,-765,-759,-29993,-29994,-29994,-1233]} 1. c4 e5 2. g3 Nf6 3. Bg2 d5 4. cxd5 Nxd5 5. Nc3 Nb6 6. e3 Nc6 {A22: English Opening: 1...e5 2 Nc3 Nf6.} 7. Nge2 Bf5 8. d4 exd4 {White is slightly better.} 9. Nxd4 Nxd4 10. exd4 c6 11. O-O Be6 12. d5 {[#]} Nxd5 $146 ({Predecessor:} 12... cxd5 13. Be3 Be7 14. f4 O-O 15. f5 Bd7 16. Nxd5 Bc6 17. Nxb6 axb6 18. Qxd8 Bxd8 {0-1 (42) Delchev,A (2622)-Cheparinov,I (2664) Panagyurishte 2012}) 13. Nxd5 cxd5 14. Qd4 ({White should play} 14. Qa4+ $14 Qd7 15. Qd4) 14... Qb6 $11 15. Qe5 Qd6 $36 {[%mdl 2048] Black has good play.} 16. Qe2 Qd7 17. Bf4 Bc5 18. Rac1 (18. Rfc1 $11 Bb6 19. a4) 18... Bb6 $15 19. Rfd1 {Hoping for Rxd5.} O-O 20. Qd3 {[%cal Rg2d5]} Rad8 21. Rd2 Ba5 (21... h6 $17 22. a3 Rfe8) 22. Rdd1 Rfe8 23. Qa3 (23. Bg5 $1 $11 {keeps the balance.}) 23... Bb6 $17 24. Rd2 (24. Re1 $17 {was called for.}) 24... h6 25. Qf3 Rc8 ({Better is} 25... d4 $19 26. h4 d3) 26. Rxc8 Rxc8 27. h3 Qa4 28. b3 Qa3 29. Qe2 Rd8 30. Qb5 $2 {[%mdl 8192]} (30. h4 $17 {is a better chance.}) 30... Qc1+ $2 (30... g5 $1 $19 {is more deadly.} 31. Bxg5 hxg5) 31. Kh2 {[%cal Rd2d5]} Qc6 32. Qd3 Qd7 33. Be5 d4 34. h4 (34. g4 $17) 34... Bf5 35. Qf3 d3 {White must now prevent ...Ba5.} 36. b4 (36. Qf4 $17) 36... Re8 37. Qf4 Bg6 38. Bf3 Qb5 39. h5 Bh7 $1 ({Resist} 39... Qxe5 40. Qxe5 Rxe5 41. hxg6 $15) 40. Bb2 a5 41. a3 (41. Bc3 $17) 41... Bd8 $1 $19 42. Rd1 {[#]} (42. Qg4 $17 {is the only way for White.} Bg5 43. Qd4) 42... Bg5 $1 {[%cal Rg5f4]} 43. Qc7 d2 ({Don't take} 43... axb4 44. axb4 Be4 45. Bxe4 $19) 44. Qc3 {[%csl Gb2][%cal Rc3g7]} f6 45. Rxd2 Bxd2 46. Qxd2 axb4 47. axb4 Be4 48. Be2 Qf5 49. Qd4 $2 (49. Qf4) 49... Bd5 50. Bg4 {[#]} Re1 $1 {[%csl Gd5][%cal Re1h1][%mdl 512]} 51. Qd1 Qxf2+ {Weighted Error Value: White=0.64/Black=0.29} (51... Rxd1 $142 52. Bxd1 Qxf2+ {[%mdl 64] Double Attack} 53. Kh3 Qg2+ 54. Kh4 f5 55. Bg4 {[#]} Qe4 $1 {[%mdl 576] Double Attack, Pin} 56. Kh3 Qh1#) 0-1

[Event "XXVII RUS-chT Women 2020"]
[Site "Sochi"]
[Date "2020.11.27"]
[Round "8.13"]
[White "Grigorieva, Yulia"]
[Black "Gritsayeva, Oksana"]
[Result "*"]
[WhiteElo "2343"]
[BlackElo "2351"]
[Annotator "TA"]
[PlyCount "160"]
[EventDate "2020.11.19"]
[EventType "team-tourn"]
[EventCountry "RUS"]
[SourceTitle "playchess.com"]
[Source "ChessBase"]
[SourceQuality "1"]

{[%evp 16,160,35,26,66,-68,-51,-46,-70,-54,-52,-56,-44,-63,-64,-109,-107,-113,-112,-111,-102,-104,-86,-86,-86,-86,-86,-86,-86,-88,-88,-89,-84,-154,-150,-225,-219,-210,-210,-233,-109,-109,-109,-158,-109,-109,-108,-108,-108,-175,-33,-141,0,-146,-13,-13,-13,-13,-13,-13,-13,-13,-13,-13,-13,-13,-13,-13,-13,-21,-21,-21,-21,-21,-21,-21,-21,-21,-21,-21,-21,-21,-21,-21,-21,-21,-21,-21,-21,-21,-21,-21,-21,-21,-21,-21,-21,-21,-21,-21,-21,-21,-21,-21,-21,-21,-21,-21,-21,-21,-21,-21,0,-21,0,-21,0,-21,0,0,0,0,0,0,0,0,0,0,0,0,0,0,0,0,0,0,0,0,0,0,0,0,0,0,0,0,0]} 1. d4 Nf6 2. c4 g6 3. Nc3 d5 4. cxd5 Nxd5 5. e4 Nxc3 6. bxc3 Bg7 7. Nf3 c5 8. Be3 Nc6 9. Rc1 {The main line 9.Rc1 scores better than 9.Qd2.} Qa5 {D85: Exchange Grünfeld: Unusual White 7th moves and lines with 7 Nf3.} 10. Be2 ({White should try} 10. d5 $1 $14 Ne5 11. Nxe5 Bxe5 12. Qb3) 10... cxd4 $15 11. Nxd4 Nxd4 {Black is slightly better.} 12. Bxd4 {[#]} O-O $146 ({Predecessor:} 12... e5 13. Be3 Be6 14. O-O O-O 15. Rc2 Rfc8 16. Qb1 Rc7 17. c4 b6 18. Bd2 Qa4 {0-1 (48) Zubke,C (1886)-Villuela,R (1787) Berlin 2019}) 13. Bxg7 Kxg7 14. O-O Be6 15. Bc4 Rfd8 16. Qb3 Bxc4 17. Qxc4 Rac8 18. Qb4 Qxb4 ({Reject} 18... Qxa2 $6 19. Qxe7 Qc4 20. Qxb7 $11) 19. cxb4 Rxc1 20. Rxc1 $17 {[%mdl 4096] Endgame KR-KR} Rd4 21. a3 Rxe4 22. g3 b6 {[%cal Bb7b6,Bb6a5,Ba5a4,Ba4a3][%mdl 32]} 23. Rc7 {[#]} a5 $1 24. bxa5 (24. b5 $142) 24... bxa5 25. Ra7 (25. Kf1 $17 {was called for.}) 25... Ra4 $19 26. Rxe7 {intending Re3.} Rxa3 27. Ra7 g5 (27... Ra1+ $19 {is more deadly.} 28. Kg2 a4) 28. g4 $17 a4 29. Kg2 Ra1 30. Kf3 a3 {White must now prevent ...a2.} 31. Ke4 h6 32. Ra6 (32. h3 $17) 32... Kf8 (32... a2 $19 {And now ...Re1+ would win.} 33. Kf5 Rd1 34. Rxa2 Rd4) 33. Ra7 ({Only move:} 33. Ra8+ $1 $15 Ke7 34. Ra6) 33... Kg7 34. Ra6 $1 Re1+ (34... Ra2 $17 35. h3 f6) 35. Kf3 $1 $11 {The position is equal.} Rh1 36. Rxa3 Rxh2 {[#] Hoping for ...Rh3+.} 37. Kg3 Rh1 38. Kg2 Rb1 39. Ra4 Rb2 40. Kg3 Rb3+ 41. f3 Kg6 42. Rc4 f6 43. Rc6 Rb4 44. Ra6 Rf4 45. Rb6 h5 46. gxh5+ Kxh5 47. Rb8 Ra4 48. Rb5 Kg6 49. Rb6 $1 Ra3 50. Kg4 Ra1 51. Kg3 Re1 52. Kf2 Re5 53. Kg3 Kf5 54. Ra6 $1 Re6 55. Ra5+ Kg6 56. Kg4 Re1 57. Kg3 f5 58. Kf2 Rb1 59. Ra2 Rd1 60. Rb2 Kh5 61. Rb8 {Cut Off at move 61} Rd2+ 62. Kg3 f4+ 63. Kh3 Rf2 64. Rb3 Kg6 65. Ra3 Kf6 66. Rb3 Ke6 67. Ra3 Ke5 68. Rb3 Kd4 69. Ra3 Rd2 (69... Kc4 $5) 70. Kg4 Rg2+ 71. Kf5 Rg3 72. Rb3 Kc4 73. Ra3 Rg1 74. Ke4 Re1+ 75. Kf5 Rg1 76. Ke4 Kb4 77. Rd3 Kc4 {( -> ...Re1+)} 78. Ra3 Rg3 (78... Kb4 $5 {[%cal Rb4a3]} 79. Rd3 Kc4 $11) 79. Kf5 Kd4 80. Rb3 Rg1 {White happily takes the draw.  Weighted Error Value: White=0.12/Black=0.17} *

[Event "XXVII RUS-chT Women 2020"]
[Site "Sochi"]
[Date "2020.11.27"]
[Round "8.14"]
[White "Tomilova, Elena"]
[Black "Baiburina, Kamilla"]
[Result "1-0"]
[WhiteElo "2358"]
[BlackElo "1805"]
[Annotator "TA"]
[PlyCount "87"]
[EventDate "2020.11.19"]
[EventType "team-tourn"]
[EventCountry "RUS"]
[SourceTitle "playchess.com"]
[Source "ChessBase"]
[SourceQuality "1"]

{[%evp 15,87,34,48,33,61,45,39,31,38,31,39,30,82,76,90,93,93,93,96,96,90,91,91,91,92,93,84,92,91,100,103,77,108,108,101,98,191,191,185,191,184,188,255,232,249,236,275,270,256,261,370,347,335,318,437,423,435,431,468,466,496,449,703,687,910,913,818,805,948,1064,1463,1390,921,866]} 1. d4 e6 2. e4 d5 3. Nd2 c5 4. c3 Nf6 5. e5 Nfd7 6. Bd3 Nc6 7. Ne2 Be7 8. O-O O-O 9. a3 {C06: French Tarrasch: 3...Nf6 4 e5 Nfd7 5 Bd3 main lines.} f5 10. exf6 Nxf6 11. Nf3 {White is slightly better.} Bd6 {[#]} 12. Bf4 $146 ({Predecessor:} 12. dxc5 Bxc5 13. Ned4 Qb6 14. Re1 Kh8 15. Be3 Ng4 16. b4 Bxd4 17. cxd4 Nxe3 18. fxe3 {1-0 (33) Krabbenbos,J (1517)-Geluk,P (1374) Chessfriend.com 2003}) 12... Bxf4 13. Nxf4 Qd6 (13... Ne4 $11 {remains equal.} 14. Ne2 Nf6) 14. g3 $1 $16 e5 15. dxe5 Nxe5 16. Nxe5 Qxe5 17. Re1 Qd6 18. Bc4 Bg4 19. Bxd5+ Nxd5 20. Qxd5+ Qxd5 21. Nxd5 Rad8 22. c4 Rfe8 23. f4 (23. Kg2 {feels hotter.} Be2 24. b3 Bd3 25. Nc7 Re4 26. Rad1) 23... Re2 24. Rxe2 Bxe2 {[%mdl 4096] Endgame KRB-KRN} 25. b3 Kf7 (25... Kf8 $16) 26. Re1 $18 Re8 {[#]} 27. Nc7 $1 {[%cal Rc7e8]} Re7 {[#]} 28. Nb5 $1 {Hoping for Kf2.} Bf3 (28... a6 $142) 29. Rxe7+ Kxe7 30. Nxa7 {KB-KN} Kd7 31. Kf2 Bd1 32. b4 {[%cal Bb3b4,Bb4c5][%mdl 32]} Bb3 (32... b6 {was worth a try.} 33. Ke3 Bg4 34. bxc5 bxc5) 33. bxc5 Bxc4 34. Ke3 Kc7 {Threatening ...Kb8.} 35. Kd4 {White is clearly winning.} Be2 {White should prevent ...Kb8.} 36. a4 {[%cal Ba3a4,Ba4a5][%mdl 32]} Bd1 37. Nb5+ Kc6 38. Nc3 Bb3 (38... Bg4 $142 39. Nd5 Bd1 40. Nb4+ Kd7) 39. f5 Bc2 40. g4 Kd7 41. a5 Kc6 42. Kc4 Kc7 43. Nb5+ Kd7 44. Nd6 {White took control after the opening.  Weighted Error Value: White=0.02/Black=0.31} 1-0

[Event "XXVII RUS-chT Women 2020"]
[Site "Sochi"]
[Date "2020.11.27"]
[Round "8.15"]
[White "Idrisova, Roza"]
[Black "Potapova, Margarita"]
[Result "1/2-1/2"]
[WhiteElo "1960"]
[BlackElo "2266"]
[Annotator "TA"]
[PlyCount "54"]
[EventDate "2020.11.19"]
[EventType "team-tourn"]
[EventCountry "RUS"]
[SourceTitle "playchess.com"]
[Source "ChessBase"]
[SourceQuality "1"]

{[%evp 21,54,0,0,0,0,-20,10,11,29,17,17,0,0,0,91,81,75,55,87,92,67,6,55,45,46,48,54,42,69,20,34,0,78,0,6]} 1. d4 Nf6 2. Nf3 g6 3. c4 Bg7 4. Nc3 d5 5. cxd5 Nxd5 6. e4 Nxc3 7. bxc3 c5 8. Bb5+ Nc6 9. O-O O-O 10. Be3 Bg4 11. Bxc6 {is the new trend.} bxc6 12. Rc1 {[#] D85: Exchange Grünfeld: Unusual White 7th moves and lines with 7 Nf3.} Rb8 $146 ({Predecessor:} 12... Qa5 13. Qe2 Rab8 14. Rfd1 Rfd8 15. h3 Bxf3 16. gxf3 cxd4 17. cxd4 Bxd4 18. Rxc6 Bxe3 19. Rxd8+ Qxd8 20. Qxe3 {0-1 (27) Wang,Y (2669)-Mamedyarov,S (2770) chess.com INT 2020}) 13. Rc2 Qa5 14. h3 Be6 15. Qe2 Qa4 {[#] Strongly threatening ...Bc4.} 16. c4 cxd4 17. Nxd4 Bc8 (17... Bxd4 $11 {remains equal.} 18. Bxd4 c5) 18. Nb3 $16 Re8 19. Rd1 f5 20. Nc5 Qa5 21. f3 ({White should try} 21. Rcd2 $14) 21... Qc7 22. Bf2 fxe4 23. Nxe4 Bf5 24. Rcd2 Bh6 25. Rd4 {And now Bg3 would win.} Bg7 26. R4d2 Bh6 27. Rd4 (27. Bg3 $16 Bf4 28. Bxf4 Qxf4 29. Nc5) 27... Bg7 {Weighted Error Value: White=0.26/Black=0.16} 1/2-1/2